Sources of American Law An Introduction to Legal Research /

Bibliographic Details
Main Author: Steenken, Beau
Other Authors: Brooks, Tina M.
Format: eBook
Language:English
Published: Chicago: The Center for Computer - Assisted Legal Instruction (CALI), 2017
Edition:Third Edition
Subjects:
Online Access:Acceso restringido

MARC

LEADER 00000nam a22000007a 4500
005 20180427220716.0
007 cr|||| ||||
008 180427s2017 us |||||s|||| 00||0 eng d
035 |a 21481 
040 |a vLex 
090 |c 7826  |d 7826 
100 1 |a Steenken, Beau 
245 1 0 |a Sources of American Law  |h [Recurso electrn̤ico] :  |b An Introduction to Legal Research /  |c Beau Steenken, Tina M. Brooks 
250 |a Third Edition 
256 |a Servicio en ln̕ea 
260 |a Chicago:  |b The Center for Computer - Assisted Legal Instruction (CALI),  |c 2017 
300 |a 1 recurso electrn̤ico 
506 1 |a Disponible solo en los productos indicados  |d vLex Global  |d vLex Global (Academic Edition, excluding Law Schools)  |d vLex Global (U.S. Academic Edition, Law Schools)  |d vLex Global (U.S. Academic Edition, excluding Law Schools)  |d vLex Global (Academic Edition, Law Schools) 
650 0 4 |a Ciencias sociales  |z Estados Unidos 
700 1 |a Brooks, Tina M. 
740 0 |a vLex Libros (Servicio en ln̕ea) 
856 4 0 |u http://vlex.com/source/sources-american-law-introduction-legal-research-third-edition-21481  |z Acceso restringido 
942 |c BOOK 
999 0 |a Social Sciences